00498nam a2200181Ia 450000500170000000800410001702000150005808200170007310000150009024500230010526000350012830000120016365000100017565000090018594200060019495201010020099900150030120240906022042.0240331s9999 xx 000 0 und d a1852105046 bSPRa700.880 aSproule, A 0aWomen and the Arts aEnglandbWayland Limitedc1989 a48 p ., aWomen aArts cL 001040708LaWERCLbWERCLcSSCd2024-03-31l0o 700.88042 SPRp2282r2024-03-31w2024-03-31yL c3053d3053